History Quiz

Random History Quiz

Finish the Churchill Wartime Speech Line Quiz Stats

Quiz not verified by Sporcle

Challenge
Share
Tweet
Embed
Score 0/22 Timer 20:00
0 Plays Today
% Correct
this was their finest hour
65.7%
the end of the beginning
55.6%
the Battle of Britain is about to begin
43.5%
blood, toil, tears and sweat
42.6%
will finish the job
30.6%
we will do our best
25%
was so much owed by so many to so few
21.3%
is no survival
18.5%
iron curtain has descended across the Continent
16.7%
we shall fight on the beaches
15.7%
empires of the mind
10.2%
% Correct
overwhelming might of the enemy
8.3%
responsibility
7.4%
So are the fishes
7.4%
lose this war
6.5%
War of Unknown Soldiers
6.5%
God save the King!
5.6%
we shall not flag or fail
3.7%
we can save and guide the world
3.7%
or the tough fibre of the Londoners
2.8%
freedom in every land
2.8%
be the ones who fail
2.8%

You're not logged in!

Compare scores with friends on all Sporcle quizzes.
Sign Up with Email
OR
Log In

You Might Also Like...

Show Comments

Extras

Top Quizzes Today


Score Distribution

Your Account Isn't Verified!

In order to create a playlist on Sporcle, you need to verify the email address you used during registration. Go to your Sporcle Settings to finish the process.

Report this User

Report this user for behavior that violates our Community Guidelines.

Details: